[Event "GER M08-C email"]
[Site "GER email"]
[Date "2019.06.19"]
[Round "?"]
[White "Richter, Wolfram"]
[Black "Todorov, Dimitar"]
[Result "1/2-1/2"]
[WhiteElo "2381"]
[BlackElo "2429"]
[PlyCount "92"]
[EventDate "2019.??.??"]
[EventType "tourn (corr)"]
[EventRounds "10"]
[EventCountry "GER"]
[SourceTitle "Corr 2022"]
[Source "ChessBase"]
[SourceDate "2021.10.24"]
[SourceVersion "1"]
[SourceVersionDate "2021.10.24"]
[SourceQuality "1"]

1. e4 e5 2. Nf3 Nc6 3. Bb5 a6 4. Ba4 Nf6 5. 0-0 Be7 6. Re1 b5 7. Bb3 d6 8. c3 0-0 9. h3 Bb7 10. d4 Re8 11. Nbd2 Bf8 12. a4 Na5 13. Bc2 exd4 14. cxd4 b4 15. b3 g6 16. Rb1 Bg7 17. Bb2 Re7 18. Bd3 d5 19. e5 Nd7 20. Ng5 h6 21. Nxf7 Kxf7 22. f4 c5 23. Qg4 Nf8 24. Bxg6+ Nxg6 25. f5 Nf8 26. f6 Kg8 27. dxc5 Bc8 28. e6 Bxe6 29. fxe7 Qxe7 30. Qxb4 Bxb2 31. Rxb2 Qg7 32. Ra2 Nc6 33. Qf4 Rd8 34. b4 Bxh3 35. Nf3 Ng6 36. Qd2 Bg4 37. Ra3 Bxf3 38. Rxf3 Nce5 39. Rg3 Kh7 40. b5 axb5 41. axb5 d4 42. c6 d3 43. Qf2 Rd6 44. Qc5 Qc7 45. Rf1 Re6 46. Rf2 Rd6 1/2-1/2

[Event "GER M08-C email"]
[Site "GER email"]
[Date "2019.06.19"]
[Round "?"]
[White "Vasconcellos, Renato"]
[Black "Todorov, Dimitar"]
[Result "1/2-1/2"]
[WhiteElo "2418"]
[BlackElo "2429"]
[PlyCount "49"]
[EventDate "2019.??.??"]
[EventType "tourn (corr)"]
[EventRounds "10"]
[EventCountry "GER"]
[SourceTitle "Corr 2022"]
[Source "ChessBase"]
[SourceDate "2021.10.24"]
[SourceVersion "1"]
[SourceVersionDate "2021.10.24"]
[SourceQuality "1"]

1. e4 e5 2. Nf3 Nc6 3. Bc4 Nf6 4. d3 Bc5 5. 0-0 0-0 6. c3 d6 7. a4 a5 8. Re1 h6 9. h3 Be6 10. Nbd2 Bxc4 11. Nxc4 Re8 12. Be3 Bxe3 13. Nxe3 Qd7 14. Nh4 Nd8 15. Nhf5 h5 16. Ng3 g6 17. Nd5 Nxd5 18. exd5 f5 19. d4 Qf7 20. dxe5 dxe5 21. Qb3 b6 22. Qb5 Nb7 23. Qc6 Rab8 24. b4 Re7 25. Rab1 1/2-1/2